| 000 | 00576nam a22001577a 4500 | ||
|---|---|---|---|
| 003 | OSt | ||
| 005 | 20151202144533.0 | ||
| 008 | 151202b xxu||||| |||| 00| 0 eng d | ||
| 040 | _cRUA | ||
| 082 | _aFIS POT 2002 B173 Or.1 | ||
| 100 |
_94148 _aPOTH, CHEANARATH. |
||
| 245 | _aStatus of pangasianodon hypophthalmus and pangasius bocourti culture in kandal province, ស្ថានភាពនៃការចិញ្ចឹមត្រីប្រានៅខេត្តកណ្ដាល | ||
| 260 |
_aPhnom Penh _bRUA _c2002 |
||
| 300 |
_a49p. _bill. _c29cm. |
||
| 942 |
_2ddc _cFIS |
||
| 999 |
_c3861 _d3861 |
||